000 00633nam a2200193Ii 4500
003 JO-AjNU
008 230605s9999||||xx |||||||||||||| ||und||
040 _aJO-AjNU
_bara
_erda
_cJO-AjNU
041 _aara
050 1 4 _aHF5823.S2388 2005
100 3 _aالصحن، محمد فريد,
_eauthor
_932526
245 0 0 _aالاعلان
264 3 1 _aالاسكندرية: الدار الجامعية ، 2005
300 _a332ص
_bيحتوي على ببلوغرافية من 330-332ص
336 _atext
_btxt
_2rdacontent
337 _aunmediated
_bn
_2rdamedia
338 _avolume
_bnc
_2rdacarrier
650 4 _aالاعلان
_932527
999 _aA13141
_c16709
_d16709